00395nam a2200121Ia 4500008004100000041000800041082000800049100005700057245008400114260004900198300002000247440000600267221007s9999 xx 000 0 und d aeng bSAY aSayali Pardhi - 2k171094 & Dr. Jyoti Gaikwad - Guide aTo Study Effectiveness Of Social Media Marketing As Branding Tool For Hoteliers c2018bSavitribai Phule Pune UniversityaPune a84pcHard Bound v1